000
00187 a2200097 4500
020
_a
9780593623930
041
_a
spa
100
_a
Hamilton kersten
245
_a
Tractor verde
942
_c
BK
999
_c
31509
_d
31507